Les Ballons d'or (années en 0) - Statistiques

Statistiques générales
  • Ce quiz a été pris 81 fois
  • Le résultat moyen est 5 sur 6
Statistiques - réponses
Année Nationalité Ballon d'or % Correct
2010 Argentine Lionel Messi
100%
2000 Portugal Luís Figo
93%
1970 Allemagne Gerd Müller
78%
1990 Allemagne Lothar Matthäus
70%
1980 Allemagne Karl-Heinz Rummenigge
59%
1960 Espagne Luis Suárez
57%
Aucun quiz correspondant
Distribution des résultats
% des personnes avec chaque résultat
Percentile par nombre de réponses
Votre historique - résultats
Vous n’avez pas pris ce quiz